000 00536nam a22002057a 4500
003 OSt
005 20180619140752.0
008 180619b xxu||||| |||| 00| 0 eng d
020 _a9780323017459
040 _cDNLM
082 _aWS125 B47b 2003
100 _aBiancuzzo, Marie
_912658
245 _aBreastfeeding the Newborn:clinical strategies for nurses
250 _a2nd ed.
260 _aMissouri; Mosby, 2003
300 _axiii,545p;ill: 23cm
650 _aBreast feeding
_94246
650 _aNewborn
_93536
942 _2z
_cBOOK
999 _c6117
_d6117